00683cam a2200205 a 45000050016000000080041000160100014000570200023000710350013000940370015001070400018001220820010001401000024001502450085001742600036002592700056002953000048003515000040003995200038004392009092408058.0040225s2003 af af b 000 0beng  aENG-95038 a8172863500c235.00 aEN-78571 bDBAD / PUB adplbEnglish  a509.2 aMohan Sundara Rajan aScience as a way of life :ba biography of C.N.R. Rao /cby Mohan Sundara Rajan. aBangalore :bPrism Books,c2003 a1865, 32nd Cross, BSK II Stage, bBanglore e560070 axii, 173 p.bill. (some col.) ;c25cm(pbk)  aIncludes bibliographical references aBiography of an Indian scientist.